00724 2200241 4500001002100000005001700021008004100038020001800079035002400097040001200121082001000133090001700143100001900160245010200179250001100281260004200292300002200334500005300356650002100409700002500430850001200455990001500467YOGYA-0209000000963420090227021233.0 ind  a979-403-477-0 0010-020900000009634 aYOPDYOG a158.1 a158.1bCar P aCARNEGIE, Dale aPetunjuk menikmati hidup dan pekerjaan andacDale Carnegie ; alih bahasa oleh A. Sandiwan Suharto aCet. 8 aJakartabGramedia Pustaka Utamac1995 ax, 180 hlmc19 cm aJudul asli : How to enjoy your life and your job aKebahagiaan diri aSuharto, A. Sandiwan aYOPDYOG a75754-P/95